000 00588nam a2200205 i 4500
001 bgj
100 1 _aKELMAN, James
_d(1946- ).
245 0 0 _aNot Not While the Giro :
_band other stories by James Kelman /
_cJames Kelman.
260 _aEdinburgh :
_bPolygon Books,
_c1983.
300 _a207 pp ;
_c20 cm.
650 9 _aShort stories in English
_xCollections of fiction
650 9 _aShort stories Scottish
655 _aFiction
020 _a0904911965X
040 _cBPK
041 0 _aeng
920 _a0-9049119-65-X
942 _cKS
008 s uk f |000 0 eng
999 _c48534
_d48534
856 _uhttp://koha.tu.koszalin.pl/cgi-bin/koha/opac-detail.pl?biblionumber=48534
_yKatalog online BPK